Tecnologia em metalurgia, materiais e mineração
| Corporate Author: | |
|---|---|
| Format: | Electronic Journal |
| Language: | Portuguese English Spanish |
| Published: |
São Paulo, Brazil :
Associação Brasileira de Metalurgia, Materiais e Mineração,
2004-
|
| Subjects: | |
| Online Access: | Full text available from Research Library: 07/01/2004 to present |
MARC
| LEADER | 00000nas a2200000 i 4500 | ||
|---|---|---|---|
| 001 | ssj0001699444 | ||
| 003 | WaSeSS | ||
| 005 | 20200512172242.0 | ||
| 006 | m d | ||
| 007 | cr n | ||
| 008 | 150624c20049999bl qr p s 0 b0por c | ||
| 010 | |a 2016268622 | ||
| 022 | |a 2176-1523 |l 2176-1515 | ||
| 035 | |a (WaSeSS)ssj0001699444 | ||
| 040 | |a CNCGM |b eng |c CNCGM |d CUS |d GBVCP |d VT2 |d OCLCQ |d TOH |d OCLCF |d SERSO |d OCL |d OCLCA |d WaSeSS | ||
| 041 | |a por |a eng |a spa |b eng |b por |b spa | ||
| 042 | |a pcc | ||
| 043 | |a s-bl--- | ||
| 082 | 0 | 4 | |a 600 |
| 210 | 1 | |a Tecnol. Metal. Mater. Min. |b (Online) | |
| 222 | 0 | |a Tecnologia em Metalurgia, Materiais e Mineração |b (Online) | |
| 245 | 0 | 0 | |a Tecnologia em metalurgia, materiais e mineração |h [electronic resource]. |
| 246 | 1 | |a TMM | |
| 260 | |a São Paulo, Brazil : |b Associação Brasileira de Metalurgia, Materiais e Mineração, |c 2004- | ||
| 310 | |a Quarterly | ||
| 362 | 1 | |a Began with Volume 1, número 1 (2004) | |
| 506 | |a License restrictions may limit access. | ||
| 546 | |a Articles primarily in Portuguese with some in English or Spanish; abstracts in language of article and English. | ||
| 588 | |a Description based on Volume 1, número 1 (2004); title from journal table of contents page (publisher's website, viewed December 22, 2016). | ||
| 588 | |a Latest issue consulted: Volume 13, número 4 (2016) (viewed December 22, 2016). | ||
| 650 | 0 | |a Metallurgy |z Brazil |v Periodicals. | |
| 650 | 0 | |a Mining engineering |x Technological innovations |z Brazil |v Periodicals. | |
| 650 | 7 | |a Mining engineering |x Technological innovations. |2 fast |0 (OCoLC)fst01022919 | |
| 650 | 7 | |a Metallurgy. |2 fast |0 (OCoLC)fst01018005 | |
| 651 | 7 | |a Brazil. |2 fast |0 (OCoLC)fst01206830 | |
| 655 | 0 | |a Electronic journals. | |
| 710 | 2 | |a Associação Brasileira de Metalurgia, Materiais e Mineração. | |
| 776 | 0 | 8 | |i Print version: |t Tecnologia em metalurgia, materiais e mineração |x 2176-1515 |
| 856 | 4 | 0 | |z Full text available from Research Library: 07/01/2004 to present |u https://search.proquest.com/publication/2045598 |